000
00380nam a22001577a 4500
003
MPLRDC
005
20220104114048.0
008
210129b ||||| |||| 00| 0 eng d
082
_a
830 HSK
100
_a
濠上客编著
245
_a
奇妙诗词话女人
_c
260
_a
_b
新风文化事业公司
_c
300
_b
平
650
_a
中国文学总集
942
_c
BK
_o
830 HSK
999
_c
4520
_d
4510